[Event "Taastrup B-gruppee"]
[Site "Taastrup"]
[Date "1992.??.??"]
[Round "5"]
[White "Hansen, Mads Smith"]
[Black "Kristensen, Kaare Hove"]
[Result "0-1"]
[WhiteElo "2340"]
[BlackElo "2315"]
[PlyCount "106"]
[EventDate "1992.02.??"]
[EventType "tourn"]
[EventRounds "9"]
[EventCountry "DEN"]
[EventCategory "4"]
[Source "ChessBase"]
[SourceDate "1992.07.01"]

1. e4 c5 2. Nf3 d6 3. d4 cxd4 4. Nxd4 Nf6 5. Nc3 a6 6. f4 g6 7. Nf3 Bg7 8. e5
Ng4 9. Bc4 O-O 10. h3 Nh6 11. g4 dxe5 12. Qxd8 Rxd8 13. fxe5 b5 14. Bd5 Ra7 15.
Be3 Rad7 16. Bb3 Bb7 17. O-O e6 18. Bg5 Rc8 19. Nd2 Nc6 20. Nde4 Nxg4 21. hxg4
Nxe5 22. a3 Rd4 23. Rf4 Bxe4 24. Nxe4 Rxe4 25. Rxe4 Nf3+ 26. Kg2 Nxg5 27. Re2
Bxb2 28. Rd1 a5 29. c4 bxc4 30. Rxb2 cxb3 31. Rxb3 Rc4 32. Rb5 Rxg4+ 33. Kf1 h5
34. Rd2 Ne4 35. Rg2 Rf4+ 36. Ke1 g5 37. Rxa5 h4 38. Ra4 e5 39. Rh2 Kg7 40. Rb4
Rg4 41. Rh1 f5 42. Rf1 h3 43. Rb3 Rh4 44. Rh1 g4 45. Ke2 Nc5 46. Rb6 Rh6 47.
Rxh6 Kxh6 48. Ra1 Kg5 49. a4 g3 50. a5 Kg4 51. Kf1 f4 52. a6 h2 53. Kg2 f3+ 0-1

[Event "Taastrup B-gruppee"]
[Site "Taastrup"]
[Date "1992.??.??"]
[Round "1"]
[White "Hansen, Mads Smith"]
[Black "Dobrovolsky, Ladislav"]
[Result "0-1"]
[WhiteElo "2340"]
[BlackElo "2380"]
[PlyCount "74"]
[EventDate "1992.02.??"]
[EventType "tourn"]
[EventRounds "9"]
[EventCountry "DEN"]
[EventCategory "4"]
[Source "ChessBase"]
[SourceDate "1992.07.01"]

1. e4 e5 2. Nf3 Nc6 3. Bb5 f5 4. Nc3 fxe4 5. Nxe4 d5 6. Ng3 Bg4 7. O-O Qf6 8.
c4 Bxf3 9. Qxf3 Qxf3 10. gxf3 O-O-O 11. Bxc6 bxc6 12. d3 Ne7 13. Bg5 h6 14.
Bxe7 Bxe7 15. Rfe1 dxc4 16. dxc4 Rd2 17. b3 Rhd8 18. Ne4 Rb2 19. Kf1 Rf8 20.
Re2 Ba3 21. Rxb2 Bxb2 22. Rb1 Bd4 23. Ke2 Rf4 24. Rg1 Rh4 25. Rg2 g5 26. Nd2
Kd7 27. Ne4 Ke6 28. Ng3 a5 29. a4 g4 30. fxg4 Rxg4 31. f3 Rg8 32. Kd3 h5 33.
Rd2 h4 34. Ne4 Kf5 35. Re2 h3 36. Nd2 Rg2 37. Ne4 Bg1 0-1

[Event "Taastrup B-gruppee"]
[Site "Taastrup"]
[Date "1992.??.??"]
[Round "3"]
[White "Hansen, Mads Smith"]
[Black "Fedorov, Vladislav"]
[Result "1/2-1/2"]
[WhiteElo "2340"]
[BlackElo "2395"]
[PlyCount "161"]
[EventDate "1992.02.??"]
[EventType "tourn"]
[EventRounds "9"]
[EventCountry "DEN"]
[EventCategory "4"]
[Source "ChessBase"]
[SourceDate "1992.07.01"]

1. d4 Nf6 2. Bg5 Ne4 3. h4 d5 4. Nd2 Nxg5 5. hxg5 Bf5 6. e3 c5 7. g4 Bd7 8. g6
fxg6 9. Bd3 Qb6 10. dxc5 Qf6 11. Qf3 e5 12. Qxf6 gxf6 13. Bxg6+ Ke7 14. f3 Na6
15. Rxh7+ Rxh7 16. Bxh7 Bh6 17. Nf1 Nxc5 18. Rd1 Be6 19. Ne2 Bg5 20. Kf2 Rh8
21. Bf5 Na4 22. Bxe6 Kxe6 23. b3 Nb6 24. f4 Bh6 25. Nfg3 Bf8 26. e4 Bc5+ 27.
Kg2 d4 28. c3 dxc3 29. f5+ Ke7 30. Nxc3 Rh4 31. Rh1 Rxh1 32. Nxh1 Bb4 33. Nd1
Bd2 34. Kf3 Bg5 35. Nc3 Kd7 36. Nd5 Nc8 37. Ng3 Nd6 38. Nh5 Ne8 39. Ke2 Kc6 40.
Kd3 Kc5 41. Kc3 a5 42. a4 b5 43. Ng3 Nd6 44. Kd3 Kc6 45. axb5+ Kxb5 46. Ne2 Nb7
47. Nec3+ Kc5 48. Nc7 Kb4 49. Kc2 Nd6 50. Kb2 Bc1+ 51. Kc2 Bg5 52. Ne6 Bh4 53.
Kb2 a4 54. bxa4 Nc4+ 55. Kc2 Ne3+ 56. Kd3 Nxg4 57. Nc7 Bf2 58. N7d5+ Kc5 59. a5
Bg1 60. a6 Kc6 61. Kc4 Bf2 62. Nb5 Bg1 63. Nb4+ Kb6 64. a7 Kb7 65. Nc6 Ne3+ 66.
Kb3 Ng4 67. Kc3 Bb6 68. Nd6+ Ka8 69. Ne8 Bxa7 70. Nxa7 Kxa7 71. Kc4 Kb6 72. Kd5
Kb5 73. Ke6 Kc4 74. Nxf6 Nf2 75. Kxe5 Nd3+ 76. Ke6 Kd4 77. Kd6 Nc5 78. Ng4
Nxe4+ 79. Ke6 Ng3 80. f6 Ne4 81. f7 1/2-1/2

[Event "Taastrup B-gruppee"]
[Site "Taastrup"]
[Date "1992.??.??"]
[Round "8"]
[White "Hartvig, Ove Weiss"]
[Black "Dobrovolsky, Ladislav"]
[Result "1/2-1/2"]
[WhiteElo "2220"]
[BlackElo "2380"]
[PlyCount "111"]
[EventDate "1992.02.??"]
[EventType "tourn"]
[EventRounds "9"]
[EventCountry "DEN"]
[EventCategory "4"]
[Source "ChessBase"]
[SourceDate "1992.07.01"]

1. Nf3 Nf6 2. g3 g6 3. b3 Bg7 4. Bb2 d5 5. Bg2 O-O 6. c4 c6 7. O-O Bg4 8. cxd5
cxd5 9. Ne5 Bf5 10. d4 Nc6 11. Nxc6 bxc6 12. Nc3 Rc8 13. Na4 Nd7 14. Rc1 e5 15.
e3 e4 16. Ba3 Re8 17. Nc5 Nxc5 18. Bxc5 Qd7 19. Qd2 Bh3 20. Qa5 Bxg2 21. Kxg2
h5 22. Qxa7 Rc7 23. Qa5 h4 24. h3 Bf6 25. Qd2 Bg5 26. g4 Qe6 27. Rce1 f5 28.
gxf5 gxf5 29. Kh2 Rg7 30. Rg1 Qg6 31. a4 Kh7 32. a5 Ra8 33. b4 Qh6 34. Rg2 Rag8
35. Reg1 f4 36. a6 f3 37. Rg4 Bd8 38. Rxg7+ Rxg7 39. Qe1 Bc7+ 40. Kh1 Bb8 41.
Rxg7+ Qxg7 42. Qg1 Qc7 43. a7 Bxa7 44. Bxa7 Qxa7 45. Qg5 Qa1+ 46. Kh2 Qe1 47.
Qxh4+ Kg6 48. Kg3 Qxb4 49. Qg4+ Kh7 50. Qd7+ Kh8 51. Qd8+ Kh7 52. Kf4 Qb2 53.
Qh4+ Kg6 54. Qg3+ Kf6 55. Qg5+ Ke6 56. Qg6+ 1/2-1/2

[Event "Taastrup B-gruppee"]
[Site "Taastrup"]
[Date "1992.??.??"]
[Round "1"]
[White "Hartvig, Ove Weiss"]
[Black "Fedorov, Vladislav"]
[Result "1/2-1/2"]
[WhiteElo "2220"]
[BlackElo "2395"]
[PlyCount "52"]
[EventDate "1992.02.??"]
[EventType "tourn"]
[EventRounds "9"]
[EventCountry "DEN"]
[EventCategory "4"]
[Source "ChessBase"]
[SourceDate "1992.07.01"]

1. Nf3 Nf6 2. g3 g6 3. b3 Bg7 4. Bb2 d5 5. Bg2 c5 6. O-O O-O 7. e3 Nc6 8. d4
cxd4 9. exd4 Bf5 10. Ne5 Nb4 11. Na3 Nd7 12. Qd2 a5 13. c3 Nxe5 14. dxe5 Nc6
15. f4 Qb6+ 16. Qf2 Qxf2+ 17. Rxf2 e6 18. c4 Nb4 19. Rd2 Rfd8 20. Rad1 Bg4 21.
Re1 dxc4 22. Nxc4 Rxd2 23. Nxd2 Nd3 24. Rb1 Rc8 25. Bxb7 Rc2 26. Nc4 Bf5
1/2-1/2

[Event "Taastrup B-gruppee"]
[Site "Taastrup"]
[Date "1992.??.??"]
[Round "3"]
[White "Hartvig, Ove Weiss"]
[Black "Kristensen, Kaare Hove"]
[Result "0-1"]
[WhiteElo "2220"]
[BlackElo "2315"]
[PlyCount "98"]
[EventDate "1992.02.??"]
[EventType "tourn"]
[EventRounds "9"]
[EventCountry "DEN"]
[EventCategory "4"]
[Source "ChessBase"]
[SourceDate "1992.07.01"]

1. e4 c5 2. Nf3 d6 3. d4 cxd4 4. Nxd4 Nf6 5. Nc3 a6 6. g3 e5 7. Nb3 Be7 8. Bg2
Be6 9. O-O O-O 10. Be3 b5 11. Nd5 Nbd7 12. Rc1 Rc8 13. Qd3 Bxd5 14. exd5 Ng4
15. Bd2 Bg5 16. c4 Bxd2 17. Nxd2 b4 18. Bh3 Ngf6 19. Rfe1 Nc5 20. Qe3 Rb8 21.
Nb3 Nfe4 22. Bf5 Nxb3 23. axb3 Nc5 24. f4 exf4 25. gxf4 Qf6 26. Bc2 Qxb2 27.
Re2 Qf6 28. Rce1 g6 29. f5 Rfe8 30. Qxe8+ Rxe8 31. Rxe8+ Kg7 32. R8e3 Qd4 33.
Kh1 Nd7 34. fxg6 hxg6 35. Re4 Qc3 36. R1e2 Ne5 37. R4e3 Qd4 38. Re4 Qa1+ 39.
Kg2 f5 40. R4e3 Qd4 41. Kf1 Kf6 42. Ke1 a5 43. Rg3 g5 44. Rd2 Qa1+ 45. Bd1 f4
46. Rgd3 Qc1 47. h3 Nxd3+ 48. Rxd3 Ke5 49. Ke2 Ke4 0-1

[Event "Taastrup B-gruppee"]
[Site "Taastrup"]
[Date "1992.??.??"]
[Round "6"]
[White "Hartvig, Ove Weiss"]
[Black "Brinck Claussen, Bjorn"]
[Result "0-1"]
[WhiteElo "2220"]
[BlackElo "2380"]
[PlyCount "80"]
[EventDate "1992.02.??"]
[EventType "tourn"]
[EventRounds "9"]
[EventCountry "DEN"]
[EventCategory "4"]
[Source "ChessBase"]
[SourceDate "1992.07.01"]

1. e4 e6 2. d3 d5 3. Nd2 Nf6 4. g3 dxe4 5. dxe4 Bc5 6. Bg2 e5 7. Ngf3 Nbd7 8.
O-O O-O 9. c3 a5 10. Qc2 b6 11. h3 Ba6 12. Rd1 Nh5 13. Nf1 Qe7 14. b4 axb4 15.
cxb4 Bxb4 16. Qxc7 Nhf6 17. Bg5 Rfc8 18. Bxf6 Rxc7 19. Bxe7 Bxe7 20. Ne3 Bc5
21. Nd5 Rca7 22. Rd2 Bc4 23. Bf1 Bxd5 24. exd5 e4 25. Nd4 g6 26. g4 Ra4 27.
Rad1 Rxa2 28. Nc2 Rb2 29. Ne3 Raa2 30. Nc4 Rxd2 31. Rxd2 Rxd2 32. Nxd2 f5 33.
gxf5 gxf5 34. Nb3 Kf7 35. Nxc5 bxc5 36. Kg2 f4 37. f3 e3 38. Bd3 Nf6 39. Kf1
Ke7 40. Ke2 Kd6 0-1

[Event "Taastrup B-gruppee"]
[Site "Taastrup"]
[Date "1992.??.??"]
[Round "5"]
[White "Hartvig, Ove Weiss"]
[Black "Borge, Nikolaj"]
[Result "0-1"]
[WhiteElo "2220"]
[BlackElo "2335"]
[PlyCount "82"]
[EventDate "1992.02.??"]
[EventType "tourn"]
[EventRounds "9"]
[EventCountry "DEN"]
[EventCategory "4"]
[Source "ChessBase"]
[SourceDate "1992.07.01"]

1. e4 c5 2. Nc3 d6 3. f4 g6 4. Nf3 Bg7 5. g3 e6 6. Bg2 Nc6 7. O-O Nge7 8. d3
O-O 9. Be3 Rb8 10. Qd2 b5 11. e5 Nd5 12. Bf2 Nxc3 13. bxc3 b4 14. cxb4 cxb4 15.
d4 Na5 16. Rfd1 Nc4 17. Qe1 a5 18. g4 Qc7 19. Bh4 Bb7 20. Rd3 Nb6 21. Bf6 Nd5
22. Bxg7 Kxg7 23. f5 exf5 24. gxf5 f6 25. exf6+ Rxf6 26. Ng5 Qxc2 27. Bxd5 Qxd3
28. Qe7+ Kh6 29. Qxf6 Qe3+ 30. Kf1 Qxg5 31. Qxg5+ Kxg5 32. Bxb7 Rxb7 33. fxg6
hxg6 34. Ke2 Rh7 35. Rh1 Rh3 36. Rg1+ Kf5 37. Rg2 Ke4 38. Rg4+ Kd5 39. Rg5+
Kxd4 40. Rxa5 d5 41. Ra6 Rxh2+ 0-1

[Event "Taastrup B-gruppee"]
[Site "Taastrup"]
[Date "1992.??.??"]
[Round "8"]
[White "Kristensen, Kaare Hove"]
[Black "Fedorov, Vladislav"]
[Result "0-1"]
[WhiteElo "2315"]
[BlackElo "2395"]
[PlyCount "56"]
[EventDate "1992.02.??"]
[EventType "tourn"]
[EventRounds "9"]
[EventCountry "DEN"]
[EventCategory "4"]
[Source "ChessBase"]
[SourceDate "1992.07.01"]

1. c4 g6 2. d4 Bg7 3. Nf3 Nf6 4. g3 O-O 5. Bg2 d6 6. O-O Nc6 7. Nc3 a6 8. d5
Na5 9. Nd2 c5 10. Rb1 Ng4 11. Qc2 b5 12. cxb5 axb5 13. Nxb5 Bf5 14. Be4 Bd7 15.
a4 Qb6 16. b4 cxb4 17. Rxb4 f5 18. Bg2 Rfc8 19. Qb1 Qc5 20. Ba3 Qc2 21. Rd1
Qxb1 22. Rbxb1 Nc4 23. Nxc4 Rxc4 24. Bb2 Raxa4 25. Bxg7 Kxg7 26. h3 Nf6 27. Rd3
h5 28. h4 Bxb5 0-1

[Event "Taastrup B-gruppee"]
[Site "Taastrup"]
[Date "1992.??.??"]
[Round "2"]
[White "Kristensen, Kaare Hove"]
[Black "Antonsen, Mikkel"]
[Result "1/2-1/2"]
[WhiteElo "2315"]
[BlackElo "2390"]
[PlyCount "41"]
[EventDate "1992.02.??"]
[EventType "tourn"]
[EventRounds "9"]
[EventCountry "DEN"]
[EventCategory "4"]
[Source "ChessBase"]
[SourceDate "1992.07.01"]

1. c4 g6 2. g3 Bg7 3. Bg2 d6 4. Nc3 e5 5. Nf3 Nf6 6. O-O O-O 7. d4 Nbd7 8. e4
c6 9. h3 Qa5 10. Qc2 b5 11. cxb5 cxb5 12. dxe5 dxe5 13. Rd1 Bb7 14. Nd2 Qc7 15.
Qd3 Nc5 16. Qxb5 Ba6 17. Qb4 Nd3 18. Qa3 Qb6 19. Rf1 Rfd8 20. Nb3 Bf8 21. Qa5
1/2-1/2

[Event "Taastrup B-gruppee"]
[Site "Taastrup"]
[Date "1992.??.??"]
[Round "1"]
[White "Kristensen, Kaare Hove"]
[Black "Borge, Nikolaj"]
[Result "1/2-1/2"]
[WhiteElo "2315"]
[BlackElo "2335"]
[PlyCount "113"]
[EventDate "1992.02.??"]
[EventType "tourn"]
[EventRounds "9"]
[EventCountry "DEN"]
[EventCategory "4"]
[Source "ChessBase"]
[SourceDate "1992.07.01"]

1. Nf3 f5 2. g3 Nf6 3. Bg2 d6 4. O-O g6 5. c4 Bg7 6. Nc3 O-O 7. d3 h6 8. e4
fxe4 9. dxe4 Nc6 10. Qc2 e5 11. h3 g5 12. g4 h5 13. Bxg5 hxg4 14. hxg4 Bxg4 15.
Nh2 Be6 16. Nd5 Nd4 17. Qd3 c6 18. Nxf6+ Bxf6 19. Be3 c5 20. f4 exf4 21. Rxf4
Qe7 22. Raf1 Be5 23. Rxf8+ Rxf8 24. Rxf8+ Kxf8 25. b3 Qh4 26. Qf1+ Ke8 27. Nf3
Qxe4 28. Bxd4 Bxd4+ 29. Nxd4 Qxd4+ 30. Qf2 b6 31. Kf1 Qxf2+ 32. Kxf2 Bf5 33.
Ke3 Bb1 34. Kd2 Ke7 35. Kc1 Bf5 36. Kb2 Kf6 37. Kc3 Ke5 38. Bc6 Be4 39. Bd7 Kf6
40. Bh3 Bc6 41. Bf1 Ke5 42. Bd3 Kf4 43. a4 Ke3 44. Bg6 a6 45. Bd3 Be4 46. Bf1
Bf5 47. Bg2 Ke2 48. Bb7 a5 49. Bc6 Kd1 50. Bf3+ Kc1 51. Be2 Kb1 52. Bf3 Ka2 53.
Be2 Ka3 54. Bf3 Be6 55. Bd1 Bf7 56. Bc2 b5 57. cxb5 1/2-1/2

[Event "Taastrup B-gruppee"]
[Site "Taastrup"]
[Date "1992.??.??"]
[Round "4"]
[White "Kristensen, Kaare Hove"]
[Black "Brinck Claussen, Bjorn"]
[Result "1/2-1/2"]
[WhiteElo "2315"]
[BlackElo "2380"]
[PlyCount "55"]
[EventDate "1992.02.??"]
[EventType "tourn"]
[EventRounds "9"]
[EventCountry "DEN"]
[EventCategory "4"]
[Source "ChessBase"]
[SourceDate "1992.07.01"]

1. d4 Nf6 2. c4 c5 3. e3 e6 4. Nf3 d5 5. Nc3 a6 6. cxd5 exd5 7. Be2 Nc6 8. O-O
Bd6 9. b3 O-O 10. Bb2 cxd4 11. Nxd4 Bc7 12. Ba3 Re8 13. Nxc6 bxc6 14. Rc1 Bd7
15. Bf3 h5 16. Ne2 Qb8 17. g3 h4 18. Qd4 Ne4 19. Rc2 Bb6 20. Qd1 Qe5 21. Bg2
hxg3 22. Nxg3 Nxg3 23. hxg3 Qg5 24. Bc5 Bc7 25. Bf3 Bf5 26. Rd2 Re6 27. Kg2 Be4
28. Rh1 1/2-1/2

[Event "Taastrup B-gruppee"]
[Site "Taastrup"]
[Date "1992.??.??"]
[Round "6"]
[White "Kristensen, Kaare Hove"]
[Black "Dobrovolsky, Ladislav"]
[Result "0-1"]
[WhiteElo "2315"]
[BlackElo "2380"]
[PlyCount "66"]
[EventDate "1992.02.??"]
[EventType "tourn"]
[EventRounds "9"]
[EventCountry "DEN"]
[EventCategory "4"]
[Source "ChessBase"]
[SourceDate "1992.07.01"]

1. c4 f5 2. g3 Nf6 3. Bg2 d6 4. Nc3 c6 5. d4 Qc7 6. d5 e5 7. dxe6 Bxe6 8. b3
Be7 9. Nf3 O-O 10. O-O Na6 11. Qc2 Nc5 12. Nd4 Bd7 13. Bb2 Ng4 14. h3 Ne5 15.
f4 Ng6 16. e4 fxe4 17. Nxe4 Qb6 18. Kh2 Nxe4 19. Bxe4 Bf6 20. Rad1 Rae8 21. Ba1
Qc5 22. g4 Nxf4 23. Bxh7+ Kh8 24. Kg3 Re3+ 25. Rf3 Bxd4 26. Bxd4 Rxf3+ 27. Kxf3
Ne6+ 28. Ke3 Qg5+ 29. Ke2 Nf4+ 30. Ke1 Qh4+ 31. Bf2 Ng2+ 32. Kf1 Ne3+ 33. Kg1
Rxf2 0-1

[Event "Taastrup B-gruppee"]
[Site "Taastrup"]
[Date "1992.??.??"]
[Round "9"]
[White "Loeffler, Stefan"]
[Black "Hartvig, Ove Weiss"]
[Result "1-0"]
[WhiteElo "2285"]
[BlackElo "2220"]
[PlyCount "107"]
[EventDate "1992.02.??"]
[EventType "tourn"]
[EventRounds "9"]
[EventCountry "DEN"]
[EventCategory "4"]
[Source "ChessBase"]
[SourceDate "1992.07.01"]

1. d4 Nf6 2. Nf3 c5 3. d5 d6 4. c4 g6 5. Nc3 Bg7 6. e4 O-O 7. h3 a6 8. a4 e5 9.
Bg5 Nbd7 10. g4 Qa5 11. Nd2 Kh8 12. Be2 Ng8 13. h4 f6 14. Be3 f5 15. h5 f4 16.
hxg6 h6 17. Nb3 Qd8 18. Bd2 Qf6 19. f3 Qxg6 20. Qc2 Ndf6 21. O-O-O Nh7 22. a5
Bd7 23. Kb1 Rfb8 24. Nc1 Qe8 25. Nd3 b5 26. axb6 Rxb6 27. Ka2 Rab8 28. Rb1 Rb4
29. b3 Qd8 30. Nxb4 cxb4 31. Na4 Ngf6 32. c5 Bb5 33. c6 Qa5 34. Bc4 Ne8 35. Kb2
Bxa4 36. Ra1 Qc5 37. Rxa4 a5 38. Be1 Qe3 39. Rf1 Ng5 40. Be2 Qb6 41. Kb1 Bf6
42. Qa2 Bd8 43. Bc4 Qc7 44. Qh2 Qh7 45. Qg2 Nf6 46. Bh4 Kg7 47. Bxg5 hxg5 48.
Rh1 Qg6 49. Qg1 Ra8 50. Ra2 Bc7 51. Rh3 Qf7 52. Rah2 a4 53. Qh1 Qg8 54. bxa4
1-0

[Event "Taastrup B-gruppee"]
[Site "Taastrup"]
[Date "1992.??.??"]
[Round "7"]
[White "Loeffler, Stefan"]
[Black "Kristensen, Kaare Hove"]
[Result "1-0"]
[WhiteElo "2285"]
[BlackElo "2315"]
[PlyCount "77"]
[EventDate "1992.02.??"]
[EventType "tourn"]
[EventRounds "9"]
[EventCountry "DEN"]
[EventCategory "4"]
[Source "ChessBase"]
[SourceDate "1992.07.01"]

1. g3 f5 2. d4 Nf6 3. Bg2 e6 4. Nf3 d5 5. O-O Bd6 6. b3 Qe7 7. a4 O-O 8. c4 c6
9. a5 a6 10. Ba3 Bxa3 11. Nxa3 Bd7 12. Ne5 Be8 13. e3 Nbd7 14. Nxd7 Qxd7 15.
Nc2 Bh5 16. Qe1 g5 17. f4 h6 18. Nb4 Ne4 19. Nd3 Qg7 20. Ne5 Rae8 21. Ra2 Kh8
22. Bxe4 fxe4 23. Raf2 gxf4 24. Rxf4 Rxf4 25. Rxf4 c5 26. Rh4 Qg5 27. Qc3 cxd4
28. Qxd4 Kh7 29. cxd5 exd5 30. Nd7 Kg6 31. Rf4 Bf3 32. Nf8+ Kh5 33. Qh8 d4 34.
Rh4+ Qxh4 35. gxh4 d3 36. Qf6 Rxf8 37. Qxf8 Kxh4 38. Kf2 h5 39. Qf4+ 1-0

[Event "Taastrup B-gruppee"]
[Site "Taastrup"]
[Date "1992.??.??"]
[Round "5"]
[White "Loeffler, Stefan"]
[Black "Fedorov, Vladislav"]
[Result "1-0"]
[WhiteElo "2285"]
[BlackElo "2395"]
[PlyCount "83"]
[EventDate "1992.02.??"]
[EventType "tourn"]
[EventRounds "9"]
[EventCountry "DEN"]
[EventCategory "4"]
[Source "ChessBase"]
[SourceDate "1992.07.01"]

1. d4 Nf6 2. c4 c5 3. d5 e6 4. Nc3 exd5 5. cxd5 d6 6. e4 g6 7. Nf3 a6 8. a4 Bg4
9. Be2 Bg7 10. Bf4 Bxf3 11. Bxf3 O-O 12. Ra3 Qc7 13. O-O Nbd7 14. Qb1 Ne5 15.
Be2 Rfe8 16. b4 Nfd7 17. Rc1 cxb4 18. Qxb4 Nc5 19. Nb1 Rac8 20. Nd2 Qd7 21. Rb1
f5 22. Be3 fxe4 23. Bxc5 Rxc5 24. Nxe4 Rc2 25. Rd3 Rec8 26. Rf1 Nf7 27. Bg4 a5
28. Bxd7 axb4 29. Bxc8 Rxc8 30. Rf3 Ra8 31. Rc1 Ne5 32. Rb3 Bf8 33. f4 Bh6 34.
g3 Rxa4 35. Rc8+ Kg7 36. fxe5 dxe5 37. Rf3 Ra1+ 38. Kg2 Bc1 39. Rc7+ Kh6 40.
Rff7 g5 41. Rf6+ Kh5 42. Rxh7+ 1-0

[Event "Taastrup B-gruppee"]
[Site "Taastrup"]
[Date "1992.??.??"]
[Round "2"]
[White "Loeffler, Stefan"]
[Black "Hansen, Mads Smith"]
[Result "0-1"]
[WhiteElo "2285"]
[BlackElo "2340"]
[PlyCount "39"]
[EventDate "1992.02.??"]
[EventType "tourn"]
[EventRounds "9"]
[EventCountry "DEN"]
[EventCategory "4"]
[Source "ChessBase"]
[SourceDate "1992.07.01"]

1. Nf3 d6 2. g3 e5 3. Bg2 f5 4. c4 Nf6 5. Nc3 Be7 6. d3 O-O 7. b4 Qe8 8. Qb3
Kh8 9. Bg5 Nbd7 10. Rc1 c6 11. e4 fxe4 12. dxe4 Nb6 13. Nd2 Be6 14. O-O Qh5 15.
Bxf6 Rxf6 16. Qd1 Qf7 17. c5 dxc5 18. bxc5 Bxc5 19. Nf3 Qh5 20. Nd5 0-1

[Event "Taastrup B-gruppee"]
[Site "Taastrup"]
[Date "1992.??.??"]
[Round "9"]
[White "Votruba, Pavel"]
[Black "Kristensen, Kaare Hove"]
[Result "0-1"]
[WhiteElo "2360"]
[BlackElo "2315"]
[PlyCount "84"]
[EventDate "1992.02.??"]
[EventType "tourn"]
[EventRounds "9"]
[EventCountry "DEN"]
[EventCategory "4"]
[Source "ChessBase"]
[SourceDate "1992.07.01"]

1. Nf3 Nf6 2. c4 e6 3. b3 d5 4. Bb2 c5 5. e3 Nc6 6. cxd5 exd5 7. Be2 Bd6 8. O-O
O-O 9. d4 cxd4 10. Nxd4 a6 11. Nd2 Bc7 12. N2f3 Re8 13. Rc1 Ne7 14. Qc2 Bd6 15.
Bd3 Bg4 16. Ng5 h6 17. Ngf3 Qd7 18. Qb1 Rad8 19. Rfe1 Bb8 20. g3 Ne4 21. Bf1
Nf5 22. Qd3 h5 23. Bg2 h4 24. Rc2 hxg3 25. fxg3 Ba7 26. Nd2 Nfd6 27. Nxe4 Nxe4
28. Qf1 Bb8 29. Nf3 Qf5 30. Rec1 Qh5 31. Bd4 Rd6 32. h3 Bxf3 33. Bxf3 Qg5 34.
g4 Rdd8 35. Qg2 Be5 36. Ba7 Qf6 37. Rf1 Ng3 38. Rd1 Ne4 39. Bd4 Bxd4 40. Rxd4
Ng5 41. Bxd5 Rxe3 42. Rcd2 Nf3+ 0-1

[Event "Taastrup B-gruppee"]
[Site "Taastrup"]
[Date "1992.??.??"]
[Round "6"]
[White "Votruba, Pavel"]
[Black "Loeffler, Stefan"]
[Result "1-0"]
[WhiteElo "2360"]
[BlackElo "2285"]
[PlyCount "79"]
[EventDate "1992.02.??"]
[EventType "tourn"]
[EventRounds "9"]
[EventCountry "DEN"]
[EventCategory "4"]
[Source "ChessBase"]
[SourceDate "1992.07.01"]

1. Nf3 Nf6 2. c4 g6 3. b3 Bg7 4. Bb2 O-O 5. g3 d5 6. cxd5 Qxd5 7. Bg2 Rd8 8.
Nc3 Qh5 9. h3 Nc6 10. a3 Ne5 11. d4 Nxf3+ 12. Bxf3 Qa5 13. b4 Qa6 14. e3 e5 15.
Qe2 Qxe2+ 16. Nxe2 Nd7 17. Bg2 c6 18. O-O Nb6 19. a4 Bf5 20. Rfe1 Bd3 21. dxe5
a5 22. Bd4 Nd7 23. Nf4 Nxe5 24. bxa5 Ba6 25. Bb6 Rd2 26. Red1 Nc4 27. Rxd2 Nxd2
28. Rd1 Bc3 29. Rc1 Bb4 30. Rc2 g5 31. Nh5 Bd3 32. Rc1 Nb3 33. Rd1 Bg6 34. Nf6+
Kg7 35. Ne4 Bxa5 36. Bxa5 Rxa5 37. Rd7 Bxe4 38. Bxe4 Rxa4 39. Rxb7 Nc5 40. Bc2
1-0

[Event "Taastrup B-gruppee"]
[Site "Taastrup"]
[Date "1992.??.??"]
[Round "2"]
[White "Votruba, Pavel"]
[Black "Hartvig, Ove Weiss"]
[Result "1/2-1/2"]
[WhiteElo "2360"]
[BlackElo "2220"]
[PlyCount "35"]
[EventDate "1992.02.??"]
[EventType "tourn"]
[EventRounds "9"]
[EventCountry "DEN"]
[EventCategory "4"]
[Source "ChessBase"]
[SourceDate "1992.07.01"]

1. Nf3 g6 2. e4 Bg7 3. d4 c6 4. h3 d5 5. Nc3 dxe4 6. Nxe4 Nf6 7. Nxf6+ exf6 8.
Bc4 O-O 9. O-O Be6 10. Bxe6 fxe6 11. Re1 Re8 12. a4 Nd7 13. Ra3 c5 14. Rae3
cxd4 15. Qxd4 Ne5 16. Qf4 Nf7 17. Qb4 Qd7 18. Rd3 1/2-1/2

[Event "Taastrup B-gruppee"]
[Site "Taastrup"]
[Date "1992.??.??"]
[Round "4"]
[White "Votruba, Pavel"]
[Black "Hansen, Mads Smith"]
[Result "1/2-1/2"]
[WhiteElo "2360"]
[BlackElo "2340"]
[PlyCount "29"]
[EventDate "1992.02.??"]
[EventType "tourn"]
[EventRounds "9"]
[EventCountry "DEN"]
[EventCategory "4"]
[Source "ChessBase"]
[SourceDate "1992.07.01"]

1. Nf3 d6 2. d4 Bg4 3. c4 Nd7 4. Qb3 Rb8 5. h3 Bxf3 6. Qxf3 g6 7. e4 Bg7 8. Qd1
c6 9. Nc3 Qb6 10. Be3 Qxb2 11. Na4 Qb4+ 12. Bd2 Qa3 13. Bc1 Qb4+ 14. Bd2 Qa3
15. Bc1 1/2-1/2